000 00591cam a22002053a 4500
001 45095
003 PGUSA
005 20140828084030.0
008 140309s2014||||xxu|||||s|||||000 | eng d
040 _aPGUSA
_beng
042 _adc
245 1 0 _aPunch, or the London Charivari, Volume 148, January 13th 1915
_h[electronic resource] /
_cVarious
260 _bProject Gutenberg,
_c2014
506 _aPublic domain in the USA.
516 _aElectronic text
700 1 _aSeamen, Owen
830 0 _aProject Gutenberg
_v45095
856 4 0 _uhttp://www.gutenberg.org/ebooks/45095
942 _cEB
999 _c274346
_d274346